| 000 | 00836cam a22002413a 4500 | ||
|---|---|---|---|
| 001 | 18903 | ||
| 003 | PGUSA | ||
| 005 | 20140828083412.0 | ||
| 008 | 060725s2006||||xxu|||||s|||||000 e eng d | ||
| 040 |
_aPGUSA _beng |
||
| 042 | _adc | ||
| 050 | 4 | _aPS | |
| 100 | 1 |
_aBurroughs, John, _d1837-1921 |
|
| 245 | 1 | 4 |
_aThe Last Harvest _h[electronic resource] / _cJohn Burroughs |
| 260 |
_bProject Gutenberg, _c2006 |
||
| 505 | 0 | _aEmerson and his journals -- Flies in amber -- Another word on Thoreau -- A critical glance into Darwin -- What makes a poem? -- Short studies in contrasts -- Day by day -- Gleanings -- Sundown papers. | |
| 506 | _aPublic domain in the USA. | ||
| 516 | _aElectronic text | ||
| 653 | _aAmerican essays | ||
| 830 | 0 |
_aProject Gutenberg _v18903 |
|
| 856 | 4 | 0 | _uhttp://www.gutenberg.org/ebooks/18903 |
| 942 | _cEB | ||
| 999 |
_c248158 _d248158 |
||